Discurso leido por Ricardo Diaz Agero, presidente de la Audiencia Territorial de Puerto Rico, en el solemne acto de la apertura de los tribunales de la isla en 2 de enero de 1890. (Record no. 48638)

MARC details
000 -LEADER
campo de control de longitud fija 00698nam a22001815i 4500
001 - NÚMERO DE CONTROL
campo de control 48638
003 - IDENTIFICADOR DE NÚMERO DE CONTROL
campo de control ES-MaACL
005 - FECHA Y HORA DE LA ÚLTIMA TRANSACCIÓN
campo de control 20230906161804.0
007 - CAMPO FIJO DE DESCRIPCIÓN FÍSICA--INFORMACIÓN GENERAL
campo de control de longitud fija t|
008 - DATOS DE LONGITUD FIJA--INFORMACIÓN GENERAL
campo de control de longitud fija 950727s1890 pr ||||1| spa d
040 ## - FUENTE DE CATALOGACIÓN
Centro catalogador/agencia de origen CAM
Lengua de catalogación spa
Centro/agencia transcriptor CAM
100 1# - ENTRADA PRINCIPAL--NOMBRE DE PERSONA
Nombre de persona Diaz Agero, Ricardo.
9 (RLIN) 44159
245 10 - MENCIÓN DEL TÍTULO
Título Discurso leido por Ricardo Diaz Agero, presidente de la Audiencia Territorial de Puerto Rico, en el solemne acto de la apertura de los tribunales de la isla en 2 de enero de 1890.
260 ## - PUBLICACIÓN, DISTRIBUCIÓN, ETC.
Lugar de publicación, distribución, etc. Puerto-Rico :
Nombre del editor, distribuidor, etc. [s.n.],
Fecha de publicación, distribución, etc. 1890 (
Fabricante tipografía del Boletín Mercantil)
300 ## - DESCRIPCIÓN FÍSICA
Extensión 26, [3] p., [2] h. pleg. ;
Dimensiones 24 cm.
710 2# - ENTRADA AGREGADA--NOMBRE DE ENTIDAD CORPORATIVA
Nombre de entidad corporativa o nombre de jurisdicción como elemento de entrada Puerto Rico.
Unidad subordinada Audiencia Territorial.
9 (RLIN) 6273
852 ## - LOCALIZACIÓN
Ubicación ES-MaACL
Número de control de estantería T-1266-F-5
Holdings
Estatus retirado Estado de pérdida Estado de daño No para préstamo Colección Biblioteca de origen Biblioteca actual Ubicación en estantería Fecha de adquisición Fuente de adquisición Total de préstamos Signatura topográfica completa Código de barras Visto por última vez Precio de reemplazo Tipo de ítem Koha
        Colección de folletos Biblioteca del Ateneo de Madrid Biblioteca del Ateneo de Madrid Depósito folletos 17/01/2008     T-1266-F-5 1051184 23/02/2023 23/02/2023 Folleto